Responses for Show #4780 - Friday, May 20, 2005

2005 Ultimate Tournament of Champions Round 4, game 4.
Clip of this game shown in the finale of The Marvelous Mrs. Maisel.

Contestants

[<< previous game]

Chris Miller, a retail specialist from Louisville, Kentucky (subtotal of $10,000)

John Cuthbertson, an investment analyst from San Diego, California (subtotal of $13,500)

Brad Rutter, a TV quiz show host from Lancaster, Pennsylvania (subtotal of $10,000)

[next game >>]

Jeopardy! Round responses

PREDATORS
TRIBUTE BANDS
FORBES' BILLIONAIRES
(Alex: We're dealing with the 2005 list. We're gonna find out if you're on it.)
RUSSIAN GEOGRAPHY
DRAW IT UP
TIME FOR A "CON"TEST
    $200 11
(Brad: What is the eagle?)
(Alex: Be more specific.)

the bald eagle

Brad
    $200 16
Neil Diamond

John
    $200 6
Martha Stewart

Brad
    $200 1
Siberia

Chris
    $200 26
blueprints

Brad
    $200 17
the Concorde

Chris
    $400 12
(Brad: What is a shark?)
(Alex: Be more specific.)
...
(Alex: Are we going to keep doing this?)
(Brad: Uh, hopefully not!)

a great white shark

Brad
    $400 18
The Doors

Chris
    $400 7
Mexico

Brad
    $400 2
the Volga

Brad
    $400 27
a flying machine

Chris
    $400 22
a convection oven

John
    $600 13
(John: What is a bird?)

snake

John
Triple Stumper
    $600 19
the Go-Go's

Chris
    $600 8
Roy Disney

John
    $400 3
(Brad: I don't want to go in the red if anything goes wrong.)
(Alex: All right, you're a little gun-shy.)
(Brad: Ah, I got burned, Alex!)

the Baltic Sea

Brad
    $600 28
cross-hatching

Chris
    $600 23
Confucius

John
    $800 14
a Venus fly trap

Brad
    $800 20
The Monkees

Chris
    $800 9
Cirque du Soleil

Chris
    $800 4
the Caucasus

Brad
    $800 29
Saginaw Bay

Brad
    $800 24
(Richard) Condon

Brad
    $1000 15
(Alex: And you have jaguar in [*]. Not inside, just in the letters.)

a jaguarundi

Triple Stumper
    $1000 21
Toto

Brad
    $1000 10
(Brad: What is Monaco?)

Germany

BradJohn
    $1000 5
the Caspian Sea

John
    $1000 30
a schematic

Chris
    $1000 25
(Alex: And the "con" this time, sorry Chris, is [*]. Back to you Brad... you knew it? Gun-shy?)
(Brad: Uh, yeah, but it doesn't count if you don't ring in.)

conundrum

Triple Stumper

Scores at the first commercial break (after clue 15):

Brad John Chris
$2,600 $2,000 $1,000

Scores at the end of the Jeopardy! Round:

Brad John Chris
$5,400 $3,200 $5,000

Double Jeopardy! Round responses

PRE-DATERS
(Alex: Not PREDATORS.)
GLENN CLOSE ENCOUNTERS
(Alex: Sounds like a BEFORE & AFTER.)
GRAND CANYON NATIONAL PARK
WORLD COINS
AUTHOR! ARTHUR!
SECRETARIES OF STATE BEFORE & AFTER
    $400 6
1 B.C.

Brad
    $400 11
The Shield

John
    $400 12
the North Rim

John
    $400 1
China

Brad
    $400 14
(Arthur) Hailey

John
    $400 18
O. Henry Kissinger

Brad
    $800 7
Wyoming

Brad
    $800 27
Sunny von Bulow

Brad
    $800 13
a trail

Brad
    $800 2
Queen Victoria

Chris
    $3,200 23
(Alex: Brad, the pain, the pain, the pressure of the pain, yes.)
(Brad: How about $3,200?)
(Alex: All right, sounds good to me.)

Arthur Conan Doyle

Brad
    $800 19
Phyllis George Shultz

Brad
    $1200 8
John XXIII

Brad
    $1200 28
The World According to Garp

Brad
    $1200 15
(John: What is altar?)
...
(Alex: They are referred to as [*].)
(John: Looked like an altar.)
(Alex: Depends on your religion.)

temples

John
Triple Stumper
    $1200 3
(Jomo) Kenyatta

Brad
    $1200 24
Arthur Koestler

Triple Stumper
    $1200 20
(Alex: You guys are liking these!)

Warren Christopher Cross

Brad
    $2,000 9
(Brad: We were just talking about this, weren't we?)
(Alex: Yes, but you've got mo going for you now. Big mo.)
(Brad: Yes, but this could kill it. Let's stay with $2,000.)
...
(Brad: What is London?)
(Alex: No, sorry. You remember the 1936 Games with Jesse Owens in [*]?--)
(Brad: They canceled it for the war, that's right.)
(Alex: --and then there were no Olympic Games during the war years.)

Berlin

Brad
    $1600 29
Hamlet

Brad
    $1600 16
the Havasupai

Triple Stumper
    $1600 4
Isle of Man

Brad
    $1600 25
(Arthur) Rimbaud

Brad
    $1600 21
Fanny and Alexander Haig

Triple Stumper
    $2000 10
(Eugene) Ormandy

Brad
    $2000 30
(Alex: [To John] Brad will never forgive you for getting in there ahead of him. You put a stop to his mo!)
(John: On about the tenth try.)
(Chris: Oh, yeah, really.)

Dangerous Liaisons

John
    $2000 17
the Watchtower

Triple Stumper
    $2000 5
Bhutan

Chris
    $2000 26
(Arthur) Schopenhauer

Brad
    $2000 22
George Marshall Mathers

Brad

Scores at the end of the Double Jeopardy! Round:

Brad John Chris
$26,600 $5,200 $7,800
(lock tournament)

[wagering suggestions for these scores]

Final Jeopardy! Round responses

HISTORIC OBJECTS
(Alex: And it was not the keys to Brad's expensive sports car.)
...
(Alex: As a symbol of liberty. They gave away a lot of those keys, by the way.)
JohnWhat ? ?
$5,000
ChrisWhat is something
$6,101
BradWhat is the Bastille
$0
the Bastille

Final scores:

Brad John Chris
$26,600 $200 $1,699

Cumulative scores:

Brad John Chris
$36,600 $13,700 $11,699
Winner: $50,000 + an advance to UToC Round 5 with Ken Jennings 2nd place: $30,000 3rd place: $20,000

Game dynamics:

Coryat scores:

Brad John Chris
$26,400 $5,200 $7,800
30 R
(including 2 DDs),
2 W
(including 1 DD)
10 R,
2 W
11 R,
0 W

Combined Coryat: $39,400

[game clues] [game scores] [suggest correction]

Game tape date: 2005-04-14
The J! Archive is created by fans, for fans. Scraping, republication, monetization, and malicious use prohibited; this site may use cookies and collect identifying information. See terms. The Jeopardy! game show and all elements thereof, including but not limited to copyright and trademark thereto, are the property of Jeopardy Productions, Inc. and are protected under law. This website is not affiliated with, sponsored by, or operated by Jeopardy Productions, Inc. Join the discussion at JBoard.tv.